Asas keperluan menghadapi temu duga

Bibliographic Details
Main Author: Norinsan Kamil Othman
Format: Book
Published: Bangi : Penerbit Universiti Kebangsaan Malaysia , 2019
Subjects:

MARC

LEADER 00000cam a2200000 7i4500
001 0000278704
005 20210223153926.0
020 |a 9789674129835 
090 0 0 |a 658.31124   |b NOR 
100 0 |a Norinsan Kamil Othman 
245 1 0 |a Asas keperluan menghadapi temu duga   |c Norinsan Kamil Othman 
260 |a Bangi :   |b Penerbit Universiti Kebangsaan Malaysia ,   |c 2019 
300 |a 72p. ;   |c 23cm. 
650 0 |a Employment interviewing 
650 0 |a Interviews 
999 |a 00387169   |b BUKU   |c PINJAMAN   |e PERPUSTAKAAN KOMUNITI PETALING JAYA